| 000 | 00690nam a22001577a 4500 | ||
|---|---|---|---|
| 999 |
_c7733 _d7733 |
||
| 008 | 230516b ||||| |||| 00| 0 eng d | ||
| 040 | _aCDMR | ||
| 111 |
_94844 _aVI encuentro de la red internacional de periodistas con vision de genero _c(Barcelona : _d15-17 d'abril de 2016) |
||
| 245 |
_aVI Encuentro de la Red internacional de periodistas con visión de género _b: comunicaciones _c/ [coordinación general: Tona Gusi] |
||
| 260 |
_a[S.l. : _bs.n., _c2016] |
||
| 300 | _a100 pàgines | ||
| 650 | 0 |
_94233 _aDones en el periodisme _vCongressos |
|
| 650 | 0 |
_92913 _aDones periodistes _vCongressos |
|
| 710 |
_94845 _aRed internacional de periodistas con visión de género |
||
| 942 |
_2udc _cPON |
||